Представление документа в формате RUSMARC

ПолеНазваниеЗначение
  Тип записи a
  Библиографический уровень m
001 Контрольный номер 099f4fa8b1654e12bd860e4b1de5ced1
005 Дата корректировки 20140526192729.2
010 Индекс ISBN __
a ISBN 0234-543-9-1
200 Заглавие и сведения об ответственности __
a Заглавие Мотивация трудовой деятельности
e Сведения, относящиеся к заглавию Учеб. пособие
f Первые сведения об ответственности Рос.акад.предпринимательства
210 Выходные данные __
a Место издания М.
c Издательство Вершина
d Дата издания 2003
215 Физическое описание __
a Объем 221
225 Серия __
a Серия Энциклопедия менеджмента
610 Ключевые слова __
a Ключевые слова трудовая деятельность
610 Ключевые слова __
a Ключевые слова мотивация
610 Ключевые слова __
a Ключевые слова менеджмент
610 Ключевые слова __
a Ключевые слова учебное пособие
610 Ключевые слова __
a Ключевые слова эффективность труда
610 Ключевые слова __
a Ключевые слова производительность труда
610 Ключевые слова __
a Ключевые слова психология труда
610 Ключевые слова __
a Ключевые слова управление мотивацией
610 Ключевые слова __
a Ключевые слова материальное стимулирование
610 Ключевые слова __
a Ключевые слова моральное стимулирование
610 Ключевые слова __
a Ключевые слова вознаграждение
610 Ключевые слова __
a Ключевые слова оплата труда
610 Ключевые слова __
a Ключевые слова предпринимательство
610 Ключевые слова __
a Ключевые слова рынок
610 Ключевые слова __
a Ключевые слова зарубежный опыт
610 Ключевые слова __
a Ключевые слова управление персоналом
686 Индексы других классификаций __
a Классификационный индекс 65.9(2)245я73
2 Код системы rubbk
686 Индексы других классификаций __
a Классификационный индекс 65.050.9(2)24я73
2 Код системы rubbk
700 Автор __
a Фамилия Шаховой В.А.
701 Альтернативная интеллектуальная ответственность __
a Фамилия Шапиро С.А.
801 Источник записи _0
a Страна RU
b Организация РУК
c Дата составления 20040121
g Правила каталогизации PSBO
801 Источник записи _1
a Страна RU
b Организация РУК
c Дата составления 20040121
g Правила каталогизации PSBO
852 Данные о местонахождении __
i Авторский знак Ш32
j Шифр хранения 65.9(2)245я73+65.050.9(2)24я73
901 Тип документа __
t Тип документа m
938 Служебная информация __
a Название организации Головной вуз
b Имя БД BOOK
c Название АИБС АИБС ИРБИС